000 00867nas a2200301 4500
001 BR2015001431
003 BR-BrBNA
005 20231205125104.0
007 ta
008 230509b bl.|||p| |||| 00| 00por d
040 _aBR-BrBNA
_bpor
_cBiblioteca Nacional de Agricultura
041 _a(En)
072 _aH60
100 1 _aSilva, C.
100 1 _aSilva, A.F. da
100 1 _aVale, W.G. do
100 1 _aGalon, L.
100 1 _aPetter, F.A.
100 1 _aMay, A.
100 1 _aKaram, D.
245 1 _aWeed interference in the sweet sorghum crop
650 _aERVA DANINHA
650 _aSORGO AÇUCAREIRO
773 0 _tBragantia (Brazil)
_xISSN 1678-4499
_g(Oct-Dec 2014), v. 73(4) p. 438- 445
_wBR2015001431
856 4 0 _uhttp://www.scielo.br/pdf/brag/v73n4/en_a12v73n4.pdf
909 _a202311
_bLúcia
_c55
_dLúcia Elande
942 _2AGRIS
_n0
_cANA
999 _c242567
_d242567